| 000 | 00810nam a22002295i 4500 | ||
|---|---|---|---|
| 001 | 163389 | ||
| 003 | ES-MaACL | ||
| 005 | 20250717063045.0 | ||
| 008 | 990701s1875 sp |||| | spa d | ||
| 040 |
_aCARM _bspa _cCCPB | 3D |
||
| 080 | _a821.134.2-14"18" | ||
| 100 | 1 |
_aRevilla, Manuel de la, _d1846-1881 _eaut _996432 |
|
| 245 | 1 | 0 |
_aDudas y tristezas : _bpoesías / _cde Manuel de la Revilla ; con un prólogo de Ramón de Campoamor. |
| 260 |
_aMadrid : _b[s.n.], _c1875 _f(Imp. de Medina y Navarro) |
||
| 300 |
_aXXXII, 196 páginas ; _c16 cm. |
||
| 655 | 7 |
_aPoesías _2tgfbne _9176539 |
|
| 700 | 1 |
_aCampoamor, Ramón de, _d1817-1901 _eaui _934232 |
|
| 852 |
_aES-MaACL _cSVI _jD-2195 _xHolandesa |
||
| 852 |
_aES-MaACL _cSPP3 _jG-10139 |
||
| 942 |
_2udc _cMONANT _n0 |
||
| 999 |
_c163389 _d163389 |
||